Double(s) sens / Doble(s) sentido(s) (Record no. 8136)

MARC details
000 -CABECERA
campo de control de longitud fija 00921nam a2200253 a 4500
001 - NÚMERO DE CONTROL
campo de control BRCA_8469
005 - FECHA Y HORA DE LA ÚLTIMA TRANSACCIÓN
campo de control 20190321142923.0
008 - DATOS DE LONGITUD FIJA--INFORMACIÓN GENERAL
campo de control de longitud fija 290116s2015----fr-a######---#000-0#fre-#
020 ## - NÚMERO INTERNACIONAL ESTÁNDAR DEL LIBRO
Número Internacional Estándar del Libro 9782868783110
041 ## - CÓDIGO DE LENGUA
Código de lengua del texto/banda sonora o título independiente fre
044 ## - CÓDIGO DEL PAÍS DE LA ENTIDAD EDITORA/PRODUCTORA
Código MARC del país fr
050 #4 - SIGNATURA TOPOGRÁFICA DE LA BIBLIOTECA DEL CONGRESO
Número de documento/Ítem .D68 2015
245 10 - MENCIÓN DE TÍTULO
Título Double(s) sens / Doble(s) sentido(s)
Resto del título Espagne-Amérique latine / América Latina-España
Mención de responsabilidad, etc. sous la direction de Catherine Pélage, Samuel Fasquel et Brigitte Natanson.
260 ## - PUBLICACIÓN, DISTRIBUCIÓN, ETC.
Lugar de publicación, distribución, etc. Orleans, Francia
Nombre del editor, distribuidor, etc. Éditions Paradigme
Fecha de publicación, distribución, etc. 2015
300 ## - DESCRIPCIÓN FÍSICA
Extensión 509 p.
Otras características físicas il. a color
Dimensiones 21 cm.
500 ## - NOTA GENERAL
Nota general Incluye piezas de la colección Franz Mayer : p. 453 y 455
504 ## - NOTA DE BIBLIOGRAFÍA, ETC.
Nota de bibliografía, etc. Incluye referencias bibliográficas
546 ## - NOTA DE LENGUA/LENGUAJE
Nota de lengua/lenguaje Texto en : francés y español
700 1# - PUNTO DE ACCESO ADICIONAL--NOMBRE DE PERSONA
Nombre de persona Pélage, Catherine
9 (RLIN) 21214
700 1# - PUNTO DE ACCESO ADICIONAL--NOMBRE DE PERSONA
Nombre de persona Fasquel, Samuel
9 (RLIN) 21215
700 1# - PUNTO DE ACCESO ADICIONAL--NOMBRE DE PERSONA
Nombre de persona Natanson, Brigitte
9 (RLIN) 21216
740 0# - PUNTO DE ACCESO ADICIONAL--TÍTULO RELACIONADO O ANALÍTICO NO CONTROLADO
Título relacionado o analítico no controlado Doble(s) sentido(s) : América Latina-España
942 ## - ELEMENTOS DE PUNTO DE ACCESO ADICIONAL (KOHA)
Fuente del sistema de clasificación o colocación Library of Congress Classification
Tipo de ítem Koha Libros
Holdings
Estado de retiro Estado de pérdida Estado dañado No para préstamo Localización permanente Ubicación/localización actual Fecha de adquisición Total de préstamos Signatura topográfica completa Código de barras Fecha visto por última vez Precio válido a partir de Tipo de ítem Koha
El ejemplar forma parte de la colección y puede ser consultado según las políticas vigentes.       Biblioteca del Museo Franz Mayer (Rogerio Casas-Alatriste) Biblioteca del Museo Franz Mayer (Rogerio Casas-Alatriste) 21/01/2016   .D68 2015 02912 22/03/2019 22/03/2019 Libros